[Event "Challenge"]
[Site "http://www.queenalice.com/game.php?id=455140"]
[Date "2008.8.28"]
[Round "-"]
[White "reniflex"]
[Black "ousado"]
[Result "0-1"]
[WhiteElo "1055"]
[BlackElo "1850"]

1. e4 b5 2. Nc3 b4 3. Nd5 e6 4. Nxb4 Bxb4 5. c3 Ba5 6. b4 Bb6 7. d4 Bb7 8. e5 f6
9. Qh5+ g6 10. Qd1 d5 11. Bb5+ c6 12. Ba4 fxe5 13. dxe5 Qe7 14. f4 Nd7 15. Qg4
Nh6 16. Qg3 Nf5 17. Qd3 g5 18. g3 gxf4 19. gxf4 Qh4+ 20. Kd2 Qxf4+ 21. Kc2 Nxe5
22. Bxf4 Nxd3 23. Kxd3 O-O-O 24. Ne2 d4 25. cxd4 Nxd4 26. Rhe1 Nb3+ 27. Kc3 Nxa1
28. Rxa1 Rhf8 29. Bb3 Rde8 30. Rf1 e5 31. Bg3 Rxf1 32. Bh4 Ba6 33. a4 Bxe2 34.
Bc4 Bxc4 35. Kxc4 Rf4+ 36. Kc3 Rxh4 37. a5 Bd4+ 38. Kc4 Bg1+ 39. Kb3 Bxh2 40.
Ka4 e4 41. b5 e3+ 42. Ka3 e2 43. b6 Re3+ 44. Ka2 Ra4+ 45. Kb2 Be5+ 46. Kc2 Ra2+
47. Kb1 Rb2+ 48. Kc1 e1=R# 0-1

[Event "Challenge"]
[Site "http://www.queenalice.com/game.php?id=455141"]
[Date "2008.8.28"]
[Round "-"]
[White "ousado"]
[Black "reniflex"]
[Result "1-0"]
[WhiteElo "1861"]
[BlackElo "1055"]

1. g4 Nf6 2. g5 Ne4 3. Bg2 Nxg5 4. f4 Ne6 5. d3 Nc6 6. c3 Na5 7. e4 g6 8. Nf3 b6
9. O-O h5 10. Ne5 d6 11. Nf3 c5 12. Be3 Nc6 13. Nbd2 Ba6 14. Qa4 Qc8 15. e5 b5
16. Qb3 c4 17. dxc4 bxc4 18. Qa4 f6 19. exf6 exf6 20. Nh4 g5 21. Bxc6+ Kf7 22.
fxg5 Be7 23. Bxa8 Qxa8 24. Qxa6 d5 25. g6+ Kg7 26. Qxe6 Qf8 27. Qxd5 a6 28. Qxc4
Rh6 29. Bxh6+ Kxh6 30. Ndf3 Qb8 31. Nf5+ Kxg6 32. Nxe7+ Kg7 33. b4 Kf8 34. Qg8+
Kxe7 35. Qxb8 Ke6 36. Qc7 f5 37. Rfe1+ Kf6 38. Qe7+ Kg6 39. Re6# 1-0

[Event "Challenge"]
[Site "http://www.queenalice.com/game.php?id=455157"]
[Date "2008.8.29"]
[Round "-"]
[White "herick_douglas"]
[Black "ousado"]
[Result "1/2-1/2"]
[WhiteElo "1500"]
[BlackElo "1809"]

1. e4 g5 2. d4 e6 3. Nf3 g4 4. Ne5 h5 5. f3 d6 6. Nd3 Nf6 7. Bg5 Be7 8. Bxf6
Bxf6 9. c3 e5 10. dxe5 dxe5 11. Nf2 Bd7 12. h3 Bh4 13. Qd2 Nc6 14. hxg4 hxg4 15.
fxg4 Bxf2+ 16. Qxf2 Rxh1 17. Nd2 Bxg4 18. Nf3 Bxf3 19. gxf3 Qg5 20. Rd1 Ke7 21.
Ke2 Rah8 22. Bg2 R1h2 23. Rh1 Rxh1 24. Bxh1 Rxh1 25. Kd3 1/2-1/2

[Event "Challenge"]
[Site "http://www.queenalice.com/game.php?id=455221"]
[Date "2008.8.29"]
[Round "-"]
[White "adsymil"]
[Black "ousado"]
[Result "1-0"]
[WhiteElo "1494"]
[BlackElo "1848"]

1. e4 g6 2. d4 e6 3. Nf3 f6 4. Nc3 d5 5. e5 Nd7 6. Bb5 c6 7. Bd3 Nb6 8. O-O Nc4
9. a3 Bg7 10. b3 Nb6 11. Re1 Ne7 12. a4 Nd7 13. Bf4 O-O 14. Qd2 b6 15. Re3 Bb7
16. Rae1 Nf5 17. Bxf5 1-0

[Event "Challenge"]
[Site "http://www.queenalice.com/game.php?id=455565"]
[Date "2008.8.29"]
[Round "-"]
[White "westchessdf"]
[Black "ousado"]
[Result "1-0"]
[WhiteElo "1709"]
[BlackElo "1743"]

1. Nf3 d5 2. d4 Nf6 3. Nc3 e6 4. Bg5 Be7 5. e4 dxe4 6. Nd2 h6 7. Be3 b6 8. Ncxe4
Nxe4 9. Nxe4 Bb7 10. f3 Nc6 11. Bb5 O-O 12. O-O a6 13. Bd3 Nxd4 14. c3 Nf5 15.
Bf2 Bh4 16. Bc2 Qe7 17. Qe2 c5 18. Qd3 Rad8 19. Qe2 Nd6 20. Nxd6 Rxd6 21. Rad1
1-0

[Event "Challenge"]
[Site "http://www.queenalice.com/game.php?id=455973"]
[Date "2008.8.30"]
[Round "-"]
[White "dreddvedder"]
[Black "ousado"]
[Result "1-0"]
[WhiteElo "1823"]
[BlackElo "1794"]

1. d4 e5 2. dxe5 Nc6 3. Nf3 Qe7 4. Bf4 Qb4+ 5. Nbd2 Qxf4 6. e3 Qb4 7. b3 f6 8.
exf6 Nxf6 9. Bd3 Qa5 10. O-O Bb4 11. Nc4 Qh5 12. a3 d5 13. axb4 dxc4 14. Bxc4
Bd7 15. b5 Ne7 16. Qd4 O-O-O 17. Qxa7 Bg4 18. Qa8+ 1-0

[Event "Challenge"]
[Site "http://www.queenalice.com/game.php?id=455974"]
[Date "2008.8.30"]
[Round "-"]
[White "dreddvedder"]
[Black "ousado"]
[Result "1-0"]
[WhiteElo "1864"]
[BlackElo "1794"]

1. d4 e6 2. c4 f5 3. g3 g5 4. Bg2 h6 5. Nc3 Nf6 6. e3 Bg7 7. Nge2 O-O 8. O-O c6
9. f3 d5 10. cxd5 cxd5 11. Qd3 a6 12. e4 fxe4 13. fxe4 dxe4 14. Nxe4 Nbd7 15.
Nd6 Ra7 16. Qb3 b5 17. Qxe6+ Kh8 18. Nf7+ 1-0

[Event "Challenge"]
[Site "http://www.queenalice.com/game.php?id=455975"]
[Date "2008.8.30"]
[Round "-"]
[White "ousado"]
[Black "dreddvedder"]
[Result "0-1"]
[WhiteElo "1807"]
[BlackElo "1897"]

1. g4 g6 2. f4 Bg7 3. Nf3 e6 4. Bg2 Ne7 5. O-O d5 6. h3 O-O 7. d4 b6 8. Be3 Nd7
9. Nbd2 c5 10. dxc5 bxc5 11. c4 Nb6 12. Ng5 Rb8 13. cxd5 exd5 14. Bxc5 Bxb2 15.
Rb1 Bf6 16. Bxe7 Qxe7 17. Bxd5 Bxg5 18. fxg5 Qxg5 19. Rb5 Qe3+ 20. Rf2 Ba6 21.
Rb3 Qd4 22. e3 Qxd5 0-1

[Event "Challenge"]
[Site "http://www.queenalice.com/game.php?id=455976"]
[Date "2008.8.30"]
[Round "-"]
[White "ousado"]
[Black "dreddvedder"]
[Result "0-1"]
[WhiteElo "1809"]
[BlackElo "1893"]

1. g4 g6 2. f4 Bg7 3. Nf3 e6 4. Bg2 Ne7 5. O-O d5 6. h3 O-O 7. d4 b6 8. Be3 Nd7
9. Bf2 c5 10. e3 Nc6 11. Nbd2 Bb7 12. b3 cxd4 13. exd4 Ba6 14. Re1 Qc7 15. c3
Qxf4 16. Be3 Qc7 17. Rc1 Nf6 18. Ne5 Nxe5 19. dxe5 Qxe5 20. Bd4 Qc7 21. Be5 Qd7
22. g5 Nh5 23. Bxg7 Nxg7 24. b4 Nf5 25. Qg4 Rac8 26. c4 dxc4 27. Bf1 Qxd2 0-1

[Event "JESUS TE AMA!"]
[Site "http://www.queenalice.com/game.php?id=456430"]
[Date "2008.8.31"]
[Round "-"]
[White "ousado"]
[Black "newblockader"]
[Result "0-1"]
[WhiteElo "1836"]
[BlackElo "1603"]

1. e4 d6 2. Nf3 Nf6 3. Nc3 e6 4. d4 Be7 5. Bd3 Nc6 6. O-O O-O 7. Be3 Ng4 8. h3
Nxe3 9. fxe3 Bd7 10. d5 Nb4 11. Bc4 c6 12. a3 cxd5 13. exd5 Nxd5 14. Nxd5 exd5
15. Qxd5 Be6 16. Qd3 Bxc4 17. Qxc4 Qb6 18. Kh1 Qxb2 19. Rab1 Qxa3 20. Rxb7 Bf6
21. Qe4 Rae8 22. Rb3 Qxb3 23. Qxe8 Qc4 0-1

[Event "black - 03"]
[Site "http://www.queenalice.com/game.php?id=456859"]
[Date "2008.9.1"]
[Round "-"]
[White "ousado"]
[Black "the_big_master"]
[Result "0-1"]
[WhiteElo "1848"]
[BlackElo "1540"]

1. g4 d5 2. e3 c5 3. f4 Nc6 4. h3 e6 5. Nf3 Bd6 6. c3 Nge7 7. Bg2 Bd7 8. O-O c4
9. b3 b5 10. Bb2 Qc7 11. d4 O-O-O 12. Nbd2 g5 13. Qe2 h5 14. Nxg5 hxg4 15. Nxf7
gxh3 16. Nxh8 hxg2 17. Qxg2 Rg8 0-1

[Event "Challenge"]
[Site "http://www.queenalice.com/game.php?id=459373"]
[Date "2008.9.6"]
[Round "-"]
[White "SGT"]
[Black "ousado"]
[Result "1-0"]
[WhiteElo "1935"]
[BlackElo "1791"]

1. d4 e5 2. dxe5 Nc6 3. Nf3 Qe7 4. Nc3 Nxe5 5. e4 c6 6. Be2 Nxf3+ 7. Bxf3 d6 8.
O-O Be6 9. Re1 O-O-O 10. Qd4 Kb8 11. Be3 b6 12. Rad1 Qc7 13. Bf4 f6 14. Qd3 Qb7
15. h3 g5 16. Bh2 Ne7 17. Qd4 Nc8 18. a3 Ka8 19. Qxf6 1-0

[Event "AUTO-OPEN-995"]
[Site "http://www.queenalice.com/game.php?id=463231"]
[Date "2008.9.14"]
[Round "3"]
[White "ousado"]
[Black "RobertD"]
[Result "0-1"]
[WhiteElo "1768"]
[BlackElo "1832"]

1. e4 e5 2. Nf3 Nc6 3. Bb5 Nf6 4. O-O Nxe4 5. d4 Be7 6. Qe2 Nxd4 7. Nxd4 Nxf2 8.
Qxf2 O-O 9. Nf3 c6 10. Be2 d5 11. Nxe5 b6 12. Nc3 Be6 0-1

[Event "AUTO-OPEN-995"]
[Site "http://www.queenalice.com/game.php?id=463232"]
[Date "2008.9.14"]
[Round "3"]
[White "RobertD"]
[Black "ousado"]
[Result "1-0"]
[WhiteElo "1845"]
[BlackElo "1755"]

1. d4 e5 2. dxe5 Nc6 3. Nf3 Qe7 4. Qd5 f6 5. exf6 Nxf6 6. Qb3 d6 7. e3 a6 8. Be2
b6 9. O-O Be6 10. Qc3 Qd7 11. b3 Be7 12. Bb2 1-0